1899 1148 1792 1505 1867 1040 1767 1810 1719 1240 1203 1670 1670 1310 1758 1136 1784 1588 1283 1139 1118 1832 1446 1149 1961 1780 1344 1836 1007 1153 1758 1422 1574 1117 1102 1007 1436 1107 1480 1047 1646 1604 1277 1005 1585 1050 1448 1885 1483 1879 1258 1807 1725 1577 1170 1645 1451 1807 1688 1012 1970 1617 1536 1439 1503 1604 1204 1457 1325 1133 1658 1312 1026 1838 1930 1989 1914 1316 1106 1468 1074 1371 1483 1207 1862 1304 1118 1629 1734 1859 1317 1562 1452 1680 1635 1167 1220 1988 1365 BCNSPRNW ULIB Ver.6.0+V

เปลี่ยนเป็นภาษาไทย

Change to English
 แสดงรายละเอียดบรรณานุกรม
  กลับหน้าหลัก

Brief Record : Get Marc (ISO 2709) : E-mail record : QR code < ปิดหน้าต่าง
LEADER : 00000nas 2200000uu 4500
001    13399124760
003     ULIB
008    160309s||||||||th 000 0 tha d
022    ^a19061773
110    ^aสถาบันพระบรมราชชนก
245    ^aวารสารการพยาบาลและการศึกษา(วิทยาเขตนครสวรรค์)/^cสถาบันพระบรมราชชนก
260    ^aนนทบุรี :^bสถาบันพระบรมราชชนก,^cม.ป.ป.
310    ^aรายสามเดือน
850 ^a ULIB:campus^bปีที่ 8 ฉบับที่ 4 ฉ.1
945    ^p0^l0^i801592
999    ^aทศพร เกษรทอง
รายการนี้ยังไม่มีแท็ก
คุณยังไม่ได้ล็อกอิน คุณสามารถมีกิจกรรมร่วมกับเว็บไซต์ได้ แต่ต้องล็อกอินก่อน ::
  ล็อกอิน

รายการสื่อสารสนเทศ (วารสาร)

ดูแบบ: กล่อง รายการ
ARRIVED
ปีที่ 8 ฉบับที่ 4 ฉ.1
สถานที่: ห้องสมุดวิทยาเขตนครสวรรค์ >วารสาร

BibComment


ยังไม่เคยถูกคอมเมนท์

คอมเมนท์ทรัพยากรรายการนี้
  คอมเมนท์: วารสารการพยาบาลแ..


 Copyright 2026. Bcnsprnw @Library